000 00191nam a22000977a 4500
003 SGT
245 _aIndian Journal of Pediatrics
260 _bSpringer
_c2019
300 _a600
942 _2ddc
_cBV
999 _c30228
_d30228